| 000 | 00752nad a22002771nc4500 | ||
|---|---|---|---|
| 001 | DHIM1623247184 | ||
| 003 | RU-10907106 | ||
| 005 | 20210609173232.0 | ||
| 008 | 210609b |||||||| |||| 00| u ger d | ||
| 020 |
_90-19-510433-1 _a0195104331 |
||
| 040 |
_aRU-10907106 _bger _cRU-10907106 |
||
| 245 |
_aEncyclopedia of the Enlightenment _nVolume 3 _pMably - Ruysch |
||
| 264 |
_aOxford _bOxford University Press _c2003 |
||
| 300 |
_a497 Seiten : _bIllustrationen |
||
| 700 |
_4edt _aKors, Alan Charles _eHerausgeberIn |
||
| 773 | 0 | 8 | _wa987695669 |
| 942 |
_2z _cMG |
||
| 999 |
_c56640 _d56640 |
||
| 336 | _aText | ||
| 336 | _btxt | ||
| 337 | _2rdamedia | ||
| 337 | _aOhne Hilfsmittel zu benutzen | ||
| 337 | _bn | ||
| 338 | _2rdacarrier | ||
| 338 | _aBand | ||
| 338 | _bnc | ||